000 00377cam a2200145ua 4500
041 _aeng
_h
082 _a923.2
_bSOD/HA
100 _aSoderberg, Sten .
245 _aHammarskjoid: A pictorial biography /
_cSten Soderberg.
_hTextual Documents
260 _aMumbai :
_bAsia Publishing House ,
_c1962.
300 _a144 ; .
504 _a
942 _cBK
999 _c4418
_d4418